Sports Quiz

Random Sports or NCAA Quiz
Score 0/20 Timer 05:00
0 Plays Today
Starting Quarterback College % Correct
Cameron NewtonAuburn
96.9%
Terrelle PryorOhio State
96.3%
Andrew LuckStanford
95.5%
Matt BarkleyUSC
94.5%
Denard RobinsonMichigan
94.3%
Ryan MalletArkansas
92.7%
Kellen MooreBoise State
92.6%
Jake LockerWashington
92.4%
Taylor MartinezNebraska
84.3%
Jacory HarrisMiami
83.5%
Starting Quarterback College % Correct
Case KeenumHouston
79.9%
Jordan JeffersonLSU
79.1%
Colin KaepernickNevada
69.1%
Dan PersaNorthwestern
56.7%
Jordan WynnUtah
29%
Larry SmithVanderbilt
8.9%
Diondre BorelUtah State
6.6%
Ted StachitasWake Forest
5.8%
Nick FanuzziRice
5.7%
Brian AndersonMarshall
2.6%
Remove Ads.
Support Sporcle.
Get the best of Sporcle when you Go Orange. This ad-free experience offers more features, more stats, and more fun while also helping to support Sporcle. Thank you for becoming a member.

You're not logged in!

Compare scores with friends on all Sporcle quizzes.
OR
Log In

Show Comments

Extras

Top Quizzes Today


Score Distribution

Your Account Isn't Verified!

In order to create a playlist on Sporcle, you need to verify the email address you used during registration. Go to your Sporcle Settings to finish the process.

Report this User

Report this user for behavior that violates our Community Guidelines.

Details: